Μοντελοποίηση και προγραμματισμός των μεθόδων προβολής πληθυσμού : μεταπτυχιακή διατριβή

Αποθηκεύτηκε σε:
Λεπτομέρειες βιβλιογραφικής εγγραφής
Κύριος συγγραφέας: Δημητριάδου, Χριστίνα
Συγγραφή απο Οργανισμό/Αρχή: Πανεπιστήμιο Αιγαίου Σχολή Κοινωνικών Επιστημών Τμήμα Γεωγραφίας Μεταπτυχιακό Πρόγραμμα Σπουδών Γεωγραφία και Σχεδιασμός στην Ευρώπη και τη Μεσόγειο
Άλλοι συγγραφείς: Κανάρογλου, Π. (Εισηγητής διατριβής)
Μορφή: Thesis Βιβλίο
Γλώσσα:Greek
Δημοσίευση: Μυτιλήνη : Πανεπιστήμιο Αιγαίου, Τμήμα Γεωγραφίας, Μεταπτυχιακό Πρόγραμμα Σπουδών Γεωγραφία και Σχεδιασμός στην Ευρώπη και τη Μεσόγειο, 2004
Θέματα:
Ετικέτες: Προσθήκη ετικέτας
Δεν υπάρχουν, Καταχωρήστε ετικέτα πρώτοι!

MARC

LEADER 00000cam a2200000 i 4500
001 1/29405
008 060515s2004 gre d
035 |l 10083891 
040 |a GR-MY-UA  |b gre  |e aacr 
041 0 |a gre 
082 0 |a 910.285  |2 (22) 
100 1 |a Δημητριάδου, Χριστίνα. 
245 1 0 |a Μοντελοποίηση και προγραμματισμός των μεθόδων προβολής πληθυσμού :  |b μεταπτυχιακή διατριβή /  |c Δημητριάδου Χριστίνα ; υπεύθυνος καθηγητής Κανάρογλου Παύλος 
260 |a Μυτιλήνη :   |b Πανεπιστήμιο Αιγαίου, Τμήμα Γεωγραφίας, Μεταπτυχιακό Πρόγραμμα Σπουδών Γεωγραφία και Σχεδιασμός στην Ευρώπη και τη Μεσόγειο,   |c 2004 
300 |a 143 σ.;  |b πιν.;  |c 30 εκ. 
502 # # |a Διατριβή (μεταπτυχιακή) – Πανεπιστήμιο Αιγαίου, Λέσβος, 2004. 
504 |a Βιβλιογραφία: 139-143 
650 0 0 |a Population geography. 
650 0 0 |a Demography  |x Geographical information systems. 
650 0 0 |a Maps, Statistical. 
650 0 0 |a Dissertations, Academic  |z Greece. 
700 0 |a Κανάρογλου, Π.  |4 ths 
710 2 |a Πανεπιστήμιο Αιγαίου  |b Σχολή Κοινωνικών Επιστημών  |b Τμήμα Γεωγραφίας  |b Μεταπτυχιακό Πρόγραμμα Σπουδών Γεωγραφία και Σχεδιασμός στην Ευρώπη και τη Μεσόγειο. 
852 |a INST  |b LESVOS  |c DIATR  |e 20060515  |h 10  |p 005100035333  |q 005100035333  |t MTXE  |y 23 
852 |a INST  |b LESVOS  |c DIATR  |e 20091015  |h 9  |p 005100046274  |q 005100046274  |t MTXE  |y 23 
901 |a BIBL1-2006-2 
909 |a Λ  |b 125593 
909 |a Λ  |b 115592 
924 |a ΔΗΜΗΤΡΙΑΔΟΥ  |b ΧΡΙΣΤΙΝΑ  |y ΛΕΣΒΟΣ  |z 2004-11 
970 |a ΜΑΡΙΝΑΤΟΥ  |b ΜΥΡΣΙΝΗ  |z 2006/05/15